[Event "FIDE WY-U16 Olympiad 2022"]
[Site "Nakhchivan"]
[Date "2022.10.08"]
[Round "7.17"]
[White "Tarhan, Adar"]
[Black "Orozbaev, Eldiar"]
[Result "1-0"]
[WhiteElo "2320"]
[BlackElo "2344"]
[Annotator "TA"]
[PlyCount "144"]
[EventDate "2022.10.02"]
[EventType "team-tourn"]
[EventCountry "AZE"]
[SourceTitle "playchess.com"]
[Source "ChessBase"]
[SourceQuality "1"]
[WhiteTeam "Turkey"]
[BlackTeam "Kyrgyzstan"]
[WhiteTeamCountry "TUR"]
[BlackTeamCountry "KGZ"]

1. e4 c5 2. Nf3 d6 3. d4 cxd4 4. Nxd4 Nf6 5. Nc3 Nc6 6. Bg5 Bd7 7. Qd2 Rc8 8. O-O-O Nxd4 9. Qxd4 Qa5 10. f4 h6 11. Bxf6 gxf6 12. Kb1 Qc5 13. Be2 Qxd4 14. Rxd4 f5 15. Rhd1 Bg7 16. e5 Bc6 17. Nb5 Be4 18. R4d2 a6 19. exd6 Rc5 20. Na3 exd6 21. Nc4 Bf8 22. Ne3 Rg8 23. Bd3 Be7 24. Bxe4 fxe4 25. Rd4 Rg6 26. Rxe4 Re6 27. Rxe6 fxe6 28. c3 Bf8 29. Kc2 Ke7 30. g4 Bg7 31. h4 h5 32. g5 d5 33. Kd3 Kf7 34. Rf1 Ra5 35. f5 exf5 36. a3 Ra4 37. Nxf5 Kg6 38. Ne7+ Kh7 39. g6+ Kh8 40. b4 Rxa3 41. Nxd5 a5 42. b5 Ra4 43. Rf4 Rxf4 44. Nxf4 a4 45. Nxh5 a3 46. Kc2 a2 47. Kb2 Bxc3+ 48. Kxa2 Be1 49. Nf4 Bxh4 50. Ne6 Kg8 51. Kb3 Bf2 52. Kc4 Bg1 53. Kd5 b6 54. Ke4 Bf2 55. Kf4 Bg1 56. Kg5 Bf2 57. Nc7 Bg1 58. Ne8 Bd4 59. Nd6 Bc5 60. Nf5 Bb4 61. g7 Kf7 62. Kh6 Bc3 63. Kh7 Bxg7 64. Nxg7 Ke7 65. Kg6 Kd6 66. Ne8+ Kc5 67. Nc7 Kd6 68. Na6 Ke6 69. Nb8 Kd5 70. Nc6 Kc4 71. Na7 Kc5 72. Kf7 Kd5 1-0

[Event "FIDE WY-U16 Olympiad 2022"]
[Site "Nakhchivan"]
[Date "2022.10.08"]
[Round "7.17"]
[White "Levitan, Caleb Levi"]
[Black "Mendez Machado, Andre"]
[Result "0-1"]
[WhiteElo "2063"]
[BlackElo "2009"]
[Annotator "TA"]
[PlyCount "70"]
[EventDate "2022.10.02"]
[EventType "team-tourn"]
[EventCountry "AZE"]
[SourceTitle "playchess.com"]
[Source "ChessBase"]
[SourceQuality "1"]
[WhiteTeam "South Africa"]
[BlackTeam "Panama"]
[WhiteTeamCountry "RSA"]
[BlackTeamCountry "PAN"]

1. e4 e5 2. Nf3 Nc6 3. Bb5 a6 4. Ba4 Nf6 5. Qe2 b5 6. Bb3 Bc5 7. d3 h6 8. c3 O-O 9. Nbd2 d5 10. exd5 Nxd5 11. Ne4 Be7 12. O-O Nf6 13. Ng3 Bd6 14. Be3 Bb7 15. d4 exd4 16. Nxd4 Nxd4 17. cxd4 Qd7 18. Bc2 Rae8 19. Rfe1 Qc6 20. f3 Rxe3 21. Qxe3 Qxc2 22. Re2 Qg6 23. Qf2 Nh5 24. Nxh5 Qxh5 25. h3 Qg5 26. Kf1 Bd5 27. b3 a5 28. Qe3 Qh4 29. Qd3 Qg3 30. Qxb5 Qh2 31. Kf2 Bxf3 32. Re8 Qxg2+ 33. Ke3 Bc6 34. Rxf8+ Bxf8 35. Qxa5 Qe4+ 0-1

[Event "FIDE WY-U16 Olympiad 2022"]
[Site "Nakhchivan"]
[Date "2022.10.08"]
[Round "7.18"]
[White "Zhakshylykov, Erzhan"]
[Black "Akin, Yagiz Cinar"]
[Result "1-0"]
[WhiteElo "2260"]
[BlackElo "2249"]
[Annotator "TA"]
[PlyCount "77"]
[EventDate "2022.10.02"]
[EventType "team-tourn"]
[EventCountry "AZE"]
[SourceTitle "playchess.com"]
[Source "ChessBase"]
[SourceQuality "1"]
[WhiteTeam "Kyrgyzstan"]
[BlackTeam "Turkey"]
[WhiteTeamCountry "KGZ"]
[BlackTeamCountry "TUR"]

1. d4 Nf6 2. c4 g6 3. Nf3 Bg7 4. g3 d6 5. Bg2 O-O 6. O-O c6 7. Nc3 Qb6 8. c5 dxc5 9. Na4 Qa5 10. Nxc5 Nbd7 11. Nd3 Ne4 12. Nfe5 Nd6 13. Bf4 Nb5 14. Nxd7 Bxd7 15. e3 Rad8 16. a4 Nd6 17. Nc5 Bc8 18. Qc2 Rfe8 19. Rfd1 Qc7 20. Rac1 e5 21. Bg5 f6 22. dxe5 fxg5 23. exd6 Rxd6 24. Rxd6 Qxd6 25. Nxb7 Qb4 26. Qxc6 Rf8 27. Nd6 Qxb2 28. Nxc8 Qxf2+ 29. Kh1 Qxe3 30. Rd1 Qe2 31. Qd5+ Kh8 32. Nd6 h6 33. Qd3 Qe6 34. Ne4 Kh7 35. h3 g4 36. Qd7 Qb3 37. Qxg4 Qc2 38. Rd7 h5 39. Qd1 1-0

[Event "FIDE WY-U16 Olympiad 2022"]
[Site "Nakhchivan"]
[Date "2022.10.08"]
[Round "7.18"]
[White "Batista Rosas, Nicolas Arturo"]
[Black "Karsten, Jan"]
[Result "0-1"]
[WhiteElo "1941"]
[BlackElo "1985"]
[Annotator "TA"]
[PlyCount "72"]
[EventDate "2022.10.02"]
[EventType "team-tourn"]
[EventCountry "AZE"]
[SourceTitle "playchess.com"]
[Source "ChessBase"]
[SourceQuality "1"]
[WhiteTeam "Panama"]
[BlackTeam "South Africa"]
[WhiteTeamCountry "PAN"]
[BlackTeamCountry "RSA"]

1. d4 d5 2. c4 c6 3. cxd5 cxd5 4. Bf4 Nf6 5. Nc3 Nc6 6. e3 a6 7. Bd3 Bg4 8. Nf3 e6 9. h3 Bxf3 10. Qxf3 Bd6 11. O-O Bxf4 12. Qxf4 O-O 13. Rac1 Rc8 14. Rfd1 Qe7 15. e4 dxe4 16. Nxe4 Nd5 17. Qd2 Nxd4 18. Bc4 Nb5 19. Bxb5 axb5 20. Qe2 b4 21. Rc4 Ra8 22. Ra1 Rfc8 23. Rac1 Rd8 24. Ra1 b6 25. Qc2 h6 26. Qb3 Qd7 27. Qg3 Rdc8 28. Rxb4 f5 29. Rxb6 fxe4 30. Rb3 Ra4 31. Qe5 e3 32. fxe3 Nf6 33. a3 Re4 34. Qa5 Rc2 35. Rf1 Kh7 36. Qa8 Qd2 0-1

[Event "FIDE WY-U16 Olympiad 2022"]
[Site "Nakhchivan"]
[Date "2022.10.08"]
[Round "7.19"]
[White "Yavuz, Efe Metehan"]
[Black "Iunusov, Nuriddin"]
[Result "1-0"]
[WhiteElo "2223"]
[BlackElo "1940"]
[Annotator "TA"]
[PlyCount "101"]
[EventDate "2022.10.02"]
[EventType "team-tourn"]
[EventCountry "AZE"]
[SourceTitle "playchess.com"]
[Source "ChessBase"]
[SourceQuality "1"]
[WhiteTeam "Turkey"]
[BlackTeam "Kyrgyzstan"]
[WhiteTeamCountry "TUR"]
[BlackTeamCountry "KGZ"]

1. d4 Nf6 2. Nf3 b5 3. e3 a6 4. a4 b4 5. Bd3 Bb7 6. c3 bxc3 7. bxc3 e6 8. O-O Be7 9. Nbd2 O-O 10. Rb1 Ra7 11. Qc2 d6 12. e4 h6 13. c4 Nfd7 14. Nb3 c5 15. d5 e5 16. Bd2 Re8 17. Rb2 Qc8 18. Rfb1 Bd8 19. Na5 Ba8 20. Be2 Bc7 21. Nb3 Qd8 22. g3 a5 23. Nh4 Na6 24. Qd1 Nb4 25. Nc1 Bb7 26. Na2 Ra6 27. Nc3 Qf6 28. Nb5 Bd8 29. Rb3 Nf8 30. Rf3 Qe7 31. Nf5 Qd7 32. Qc1 h5 33. Qf1 f6 34. Qh3 g6 35. Nh6+ Kg7 36. g4 Bc8 37. Rg3 Nh7 38. Nf5+ gxf5 39. gxf5+ Ng5 40. Bxh5 Kf8 41. Bxg5 fxg5 42. Bxe8 Qxe8 43. Qh8+ Kf7 44. Qh7+ Kf8 45. Qh6+ Kf7 46. Rh3 Qg8 47. Nxd6+ Rxd6 48. Qxd6 Be7 49. Qc7 Qd8 50. Rh7+ Kf8 51. Rh8+ 1-0

[Event "FIDE WY-U16 Olympiad 2022"]
[Site "Nakhchivan"]
[Date "2022.10.08"]
[Round "7.19"]
[White "Badenhorst, Chloe"]
[Black "Schnell, Sebastian Narayana"]
[Result "1/2-1/2"]
[WhiteElo "1687"]
[BlackElo "1847"]
[Annotator "NA RC COMBH"]
[PlyCount "61"]
[EventDate "2022.10.02"]
[EventType "team-tourn"]
[EventCountry "AZE"]
[SourceTitle "playchess.com"]
[Source "ChessBase"]
[SourceQuality "1"]
[WhiteTeam "South Africa"]
[BlackTeam "Panama"]
[WhiteTeamCountry "RSA"]
[BlackTeamCountry "PAN"]

1. e4 c6 2. d4 d5 3. e5 c5 4. Nf3 Nc6 5. c4 cxd4 6. Nxd4 Nxe5 7. cxd5 Qxd5 8. Nc3 Qd8 9. Bf4 Ng6 10. Ndb5 Nxf4 11. Qa4 Bd7 12. Qxf4 Rc8 13. Nd5 Qa5+ 14. b4 Qa4 15. Nbc7+ Kd8 16. Rd1 e5 17. Qh4+ Be7 18. Nxe7 Nxe7 19. Bb5 Qxd1+ 20. Kxd1 Rxc7 21. Bxd7 Rxd7+ 22. Ke2 f6 23. Qc4 Nc6 24. Rc1 a6 25. a4 Ke7 26. b5 Nd4+ 27. Kf1 axb5 28. axb5 Rhd8 29. Qb4+ Kf7 30. Qc4+ Ke7 31. Qb4+ 1/2-1/2

[Event "FIDE WY-U16 Olympiad 2022"]
[Site "Nakhchivan"]
[Date "2022.10.08"]
[Round "7.20"]
[White "Castillo Beitia, Ashley Alexandra"]
[Black "Meise, Keagen"]
[Result "0-1"]
[WhiteElo "1674"]
[BlackElo "1362"]
[Annotator "NA RC COMBH"]
[PlyCount "82"]
[EventDate "2022.10.02"]
[EventType "team-tourn"]
[EventCountry "AZE"]
[SourceTitle "playchess.com"]
[Source "ChessBase"]
[SourceQuality "1"]
[WhiteTeam "Panama"]
[BlackTeam "South Africa"]
[WhiteTeamCountry "PAN"]
[BlackTeamCountry "RSA"]

1. d4 d5 2. c4 c6 3. Nf3 Nf6 4. Nc3 dxc4 5. e4 b5 6. Be2 e6 7. O-O Bb7 8. b3 Bb4 9. e5 Bxc3 10. exf6 gxf6 11. Rb1 O-O 12. Bh6 Re8 13. bxc4 b4 14. Qd3 Kh8 15. Rfd1 Rg8 16. Rdc1 Qe7 17. Bd2 Bxd2 18. Nxd2 c5 19. Bf3 Nc6 20. dxc5 Ne5 21. Qe3 Rad8 22. Be4 Rxd2 23. c6 Bxc6 24. Bxc6 Rxa2 25. Bf3 Ra3 26. Rb3 Nxf3+ 27. Qxf3 Rxb3 28. Qxb3 Qc5 29. Qf3 Kg7 30. h4 Rd8 31. Qg3+ Kf8 32. Qf4 Ke7 33. Qe4 h5 34. Qb7+ Rd7 35. Qf3 a5 36. g4 hxg4 37. Qxg4 Rd4 38. Qg2 Rxh4 39. Qb7+ Kf8 40. Qb8+ Kg7 41. Qg3+ Qg5 0-1

[Event "FIDE WY-U16 Olympiad 2022"]
[Site "Nakhchivan"]
[Date "2022.10.08"]
[Round "7.20"]
[White "Berdibaeva, Edisa"]
[Black "Kayis, Gulcan Sena"]
[Result "1-0"]
[WhiteElo "1617"]
[BlackElo "1702"]
[Annotator "NA RC COMBH"]
[PlyCount "99"]
[EventDate "2022.10.02"]
[EventType "team-tourn"]
[EventCountry "AZE"]
[SourceTitle "playchess.com"]
[Source "ChessBase"]
[SourceQuality "1"]
[WhiteTeam "Kyrgyzstan"]
[BlackTeam "Turkey"]
[WhiteTeamCountry "KGZ"]
[BlackTeamCountry "TUR"]

1. c4 d5 2. cxd5 Nf6 3. Nc3 Nxd5 4. g3 g6 5. Bg2 Nb6 6. Nf3 Bg7 7. d4 O-O 8. O-O c6 9. e3 Na6 10. Re1 Qc7 11. h3 Rd8 12. Qe2 Be6 13. b3 c5 14. Bb2 c4 15. Ng5 cxb3 16. Nxe6 fxe6 17. axb3 Nb4 18. Nb5 Qb8 19. Rec1 Rd7 20. Ba3 N4d5 21. Bc5 Nc8 22. Qg4 Kf7 23. Bxd5 Rxd5 24. Nc3 Rd8 25. Ne4 h6 26. Bb4 Nd6 27. Nc5 Qc8 28. Nd3 Qd7 29. Nf4 g5 30. Qh5+ Kg8 31. Nd3 b6 32. Qg6 Nf7 33. Ne5 Nxe5 34. dxe5 Re8 35. Rd1 Qb5 36. Qxe6+ Kh8 37. Bc3 Rac8 38. Rac1 Rc5 39. Bd4 Rd5 40. Rc7 Qxb3 41. Rdc1 Qb5 42. Rxa7 Rdd8 43. Rb7 Qe2 44. Rxe7 Rxe7 45. Qxe7 Rf8 46. Rf1 b5 47. e6 Rg8 48. Bxg7+ Rxg7 49. Qf8+ Kh7 50. e7 1-0

[Event "FIDE WY-U16 Olympiad 2022"]
[Site "Nakhchivan"]
[Date "2022.10.08"]
[Round "7.21"]
[White "Baranciuc, Alexandr"]
[Black "Anand, Batsukh"]
[Result "1-0"]
[WhiteElo "2121"]
[BlackElo "2202"]
[Annotator "TA"]
[PlyCount "103"]
[EventDate "2022.10.02"]
[EventType "team-tourn"]
[EventCountry "AZE"]
[SourceTitle "playchess.com"]
[Source "ChessBase"]
[SourceQuality "1"]
[WhiteTeam "Moldova"]
[BlackTeam "Mongolia"]
[WhiteTeamCountry "MDA"]
[BlackTeamCountry "MGL"]

1. e4 c5 2. Nf3 e6 3. d4 cxd4 4. Nxd4 Nc6 5. Nc3 Qc7 6. Qd3 a6 7. Nxc6 bxc6 8. Qg3 e5 9. Bc4 Nf6 10. O-O Nh5 11. Qg5 g6 12. f4 f6 13. Qh4 exf4 14. Be2 Qe5 15. Bxh5 Qxh5 16. Qxh5 gxh5 17. Bxf4 Bc5+ 18. Kh1 Bd4 19. Bd6 Bb7 20. Na4 Kf7 21. Rad1 Be3 22. Rf3 Bg5 23. Nc5 Bc8 24. e5 Re8 25. Ne4 Kg6 26. Nxf6 Re6 27. Ne4 a5 28. Rg3 h6 29. h4 Kf5 30. Nc5 Bxh4 31. Rf3+ Kg6 32. Nxe6 dxe6 33. Rf8 Bb7 34. Rxa8 Bxa8 35. Rd4 Bg3 36. Ra4 c5 37. Rxa5 Be4 38. Rxc5 h4 39. Rc3 Kf5 40. a4 Kf4 41. Kg1 Be1 42. Rc4 Kf5 43. Kf1 Bg3 44. Rxe4 Kxe4 45. a5 Kd5 46. c4+ Kc6 47. b4 Bf4 48. b5+ Kd7 49. a6 Be3 50. c5 Kc8 51. b6 Bxc5 52. b7+ 1-0

[Event "FIDE WY-U16 Olympiad 2022"]
[Site "Nakhchivan"]
[Date "2022.10.08"]
[Round "7.21"]
[White "Cheng, Justin Hong-Chen"]
[Black "Seyid, Huseyn"]
[Result "0-1"]
[WhiteElo "1843"]
[BlackElo "2125"]
[Annotator "TA"]
[PlyCount "86"]
[EventDate "2022.10.02"]
[EventType "team-tourn"]
[EventCountry "AZE"]
[SourceTitle "playchess.com"]
[Source "ChessBase"]
[SourceQuality "1"]
[WhiteTeam "Hong Kong"]
[BlackTeam "Azerbaijan"]
[WhiteTeamCountry "HKG"]
[BlackTeamCountry "AZE"]

1. e4 c5 2. Nf3 Nf6 3. e5 Nd5 4. Nc3 e6 5. d4 Nc6 6. Nxd5 exd5 7. Be2 cxd4 8. Nxd4 d6 9. Nxc6 bxc6 10. Bf4 dxe5 11. Bxe5 f6 12. Bg3 Bc5 13. O-O O-O 14. Bf3 Ba6 15. Re1 Qd7 16. Qd2 Bb6 17. Rad1 Rfe8 18. h3 Rxe1+ 19. Rxe1 Re8 20. c3 Rxe1+ 21. Qxe1 Kf7 22. Bg4 f5 23. Bh5+ g6 24. Bf3 Qe7 25. Qd2 g5 26. Qc2 Kf6 27. Qb1 f4 28. Bh2 Bxf2+ 29. Kh1 Bd3 30. Qd1 Qe3 31. Bg1 Bxg1 32. Qxg1 Qxg1+ 33. Kxg1 Kg6 34. Kf2 h5 35. g3 fxg3+ 36. Kxg3 h4+ 37. Kf2 Bf5 38. Bg2 Be4 39. Bf1 Kf5 40. Ke3 g4 41. hxg4+ Kxg4 42. Kd4 Kg3 43. Kc5 Bg2 0-1

[Event "FIDE WY-U16 Olympiad 2022"]
[Site "Nakhchivan"]
[Date "2022.10.08"]
[Round "7.22"]
[White "Tenuunbold, Battulga"]
[Black "Cebotari, Stanislav"]
[Result "1/2-1/2"]
[WhiteElo "2128"]
[BlackElo "2047"]
[Annotator "TA"]
[PlyCount "122"]
[EventDate "2022.10.02"]
[EventType "team-tourn"]
[EventCountry "AZE"]
[SourceTitle "playchess.com"]
[Source "ChessBase"]
[SourceQuality "1"]
[WhiteTeam "Mongolia"]
[BlackTeam "Moldova"]
[WhiteTeamCountry "MGL"]
[BlackTeamCountry "MDA"]

1. d4 d6 2. Nf3 Nf6 3. c4 g6 4. Nc3 Bg7 5. e4 O-O 6. Be2 e5 7. O-O Bg4 8. d5 Bxf3 9. Bxf3 a5 10. Be3 Nbd7 11. a3 Qe7 12. b4 b6 13. Qc2 Rfb8 14. Rfc1 Bf8 15. Na4 Rb7 16. Nc3 Rbb8 17. Bd2 Qd8 18. Nb5 Ra6 19. g3 Rba8 20. bxa5 bxa5 21. Rab1 Nc5 22. Be3 Nfd7 23. Bg4 Nf6 24. Bxc5 dxc5 25. Bf3 Nd7 26. Nc3 Nb6 27. Be2 Qd7 28. Rb5 a4 29. Rcb1 Bd6 30. Na2 Qe7 31. Nc1 Rf8 32. Nd3 f5 33. Bf3 Nd7 34. Bg2 Qg5 35. Qc1 Qe7 36. Qh6 Qf6 37. exf5 gxf5 38. Qe3 Kh8 39. Bh3 Raa8 40. Kh1 Qg6 41. Rg1 Rae8 42. Rbb1 Nf6 43. Qe2 Ne4 44. Rbe1 Ng5 45. Bg2 Qf6 46. f4 Nf7 47. fxe5 Nxe5 48. Nf4 Ng4 49. Ne6 Bxg3 50. Ref1 Nxh2 51. Qh5 Nxf1 52. Bxf1 Qh4+ 53. Qxh4 Bxh4 54. Nxf8 Rxf8 55. Bh3 f4 56. Rg4 Be7 57. Kg2 f3+ 58. Kf2 Rb8 59. Re4 Bd6 60. Kxf3 Rb3+ 61. Re3 Rxe3+ 1/2-1/2

[Event "FIDE WY-U16 Olympiad 2022"]
[Site "Nakhchivan"]
[Date "2022.10.08"]
[Round "7.22"]
[White "Hasanli, Rza"]
[Black "Li, Yiheng"]
[Result "0-1"]
[WhiteElo "1566"]
[BlackElo "1766"]
[Annotator "NA RC COMBH"]
[PlyCount "78"]
[EventDate "2022.10.02"]
[EventType "team-tourn"]
[EventCountry "AZE"]
[SourceTitle "playchess.com"]
[Source "ChessBase"]
[SourceQuality "1"]
[WhiteTeam "Azerbaijan"]
[BlackTeam "Hong Kong"]
[WhiteTeamCountry "AZE"]
[BlackTeamCountry "HKG"]

1. e4 c5 2. Nf3 d6 3. Bb5+ Bd7 4. Bxd7+ Qxd7 5. c4 Nc6 6. d4 cxd4 7. Nxd4 Nxd4 8. Qxd4 Nf6 9. Nc3 g6 10. f3 Bg7 11. O-O O-O 12. Qd3 Rac8 13. Be3 a6 14. a4 Qc6 15. b3 Nd7 16. Nd5 Rfe8 17. Rac1 e6 18. Nc3 Nf6 19. Rfd1 Red8 20. a5 Bf8 21. Na4 Nd7 22. Nb6 Nxb6 23. Bxb6 Rd7 24. b4 d5 25. Kh1 Bxb4 26. c5 d4 27. e5 Rd5 28. Qe4 Bxc5 29. h3 Qb5 30. Rxd4 Rxd4 31. Qxb7 Qd7 32. Qxd7 Rxd7 33. Rxc5 Rxc5 34. Bxc5 Rd5 35. Bb6 Rxe5 36. Kh2 Rb5 37. Kg3 Kg7 38. Kf4 f6 39. h4 e5+ 0-1

[Event "FIDE WY-U16 Olympiad 2022"]
[Site "Nakhchivan"]
[Date "2022.10.08"]
[Round "7.23"]
[White "Triboi, Alexander"]
[Black "Amilal Munkhdalai"]
[Result "0-1"]
[WhiteElo "1974"]
[BlackElo "2200"]
[Annotator "TA"]
[PlyCount "76"]
[EventDate "2022.10.02"]
[EventType "team-tourn"]
[EventCountry "AZE"]
[SourceTitle "playchess.com"]
[Source "ChessBase"]
[SourceQuality "1"]
[WhiteTeam "Moldova"]
[BlackTeam "Mongolia"]
[WhiteTeamCountry "MDA"]
[BlackTeamCountry "MGL"]

1. d4 Nf6 2. c4 e6 3. g3 Bb4+ 4. Bd2 Qe7 5. Nf3 Bxd2+ 6. Qxd2 d5 7. Nc3 Nc6 8. Bg2 dxc4 9. O-O O-O 10. e4 Rd8 11. e5 Nd5 12. Ne4 b6 13. Rfd1 Na5 14. h4 Bb7 15. Qe2 Nb4 16. h5 h6 17. g4 Nd3 18. Qe3 Nxb2 19. Rd2 Nd3 20. g5 Bxe4 21. Qxe4 hxg5 22. Qg4 c5 23. Nxg5 Rxd4 24. Ne4 Nxe5 25. Qg3 Rxd2 26. Nxd2 Rd8 27. Ne4 Nac6 28. h6 Ng6 29. h7+ Kh8 30. Ng5 Nd4 31. Re1 Nf5 32. Qg4 Rd4 33. Be4 Nd6 34. Qg3 Nxe4 35. Nxe4 Kxh7 36. Ng5+ Kg8 37. Nxe6 Rd6 38. f4 Rxe6 0-1

[Event "FIDE WY-U16 Olympiad 2022"]
[Site "Nakhchivan"]
[Date "2022.10.08"]
[Round "7.23"]
[White "Han, Xuqian Ben"]
[Black "Abdullabayli, Rajab"]
[Result "1-0"]
[WhiteElo "1610"]
[BlackElo "1547"]
[Annotator "NA RC COMBH"]
[PlyCount "125"]
[EventDate "2022.10.02"]
[EventType "team-tourn"]
[EventCountry "AZE"]
[SourceTitle "playchess.com"]
[Source "ChessBase"]
[SourceQuality "1"]
[WhiteTeam "Hong Kong"]
[BlackTeam "Azerbaijan"]
[WhiteTeamCountry "HKG"]
[BlackTeamCountry "AZE"]

1. e4 e5 2. Nf3 Nc6 3. Bb5 a6 4. Ba4 Nf6 5. Qe2 Bc5 6. c3 O-O 7. O-O Re8 8. d3 h6 9. Be3 d6 10. Bxc5 dxc5 11. Bxc6 bxc6 12. Nbd2 Bg4 13. h3 Bh5 14. Qe3 Qe7 15. Nh4 Bg6 16. Nxg6 fxg6 17. Nb3 Nd7 18. Rae1 g5 19. d4 c4 20. Na5 Qe6 21. Qe2 exd4 22. cxd4 Nb6 23. Nb7 Qd7 24. Rd1 Re7 25. Rfe1 Kh8 26. Nc5 Qe8 27. Qd2 Nd7 28. Nxd7 Rxd7 29. Qc3 Qg8 30. Rc1 Rad8 31. Red1 c5 32. d5 c6 33. Qxc4 cxd5 34. exd5 Rxd5 35. Rxd5 Qxd5 36. Qxd5 Rxd5 37. Rc2 Kg8 38. Kf1 Kf7 39. Ke2 Ke6 40. Ke3 Kd6 41. Ke4 g6 42. Ke3 a5 43. b3 Rd4 44. Rd2 Rxd2 45. Kxd2 Kc6 46. Kc3 Kb5 47. a4+ Kb6 48. Kc4 Kc6 49. g3 h5 50. g4 Kd6 51. Kb5 Ke5 52. Kxa5 Kf4 53. Kb5 Kf3 54. a5 Kxf2 55. a6 Kg3 56. a7 Kxh3 57. gxh5 gxh5 58. a8=Q h4 59. Qh1+ Kg3 60. Qg1+ Kf4 61. Kxc5 g4 62. Kd4 g3 63. Qf1+ 1-0

[Event "FIDE WY-U16 Olympiad 2022"]
[Site "Nakhchivan"]
[Date "2022.10.08"]
[Round "7.24"]
[White "Khuslen, Erdenebayar"]
[Black "Bargan, Victoria"]
[Result "0-1"]
[WhiteElo "1590"]
[BlackElo "1703"]
[Annotator "NA RC COMBH"]
[PlyCount "76"]
[EventDate "2022.10.02"]
[EventType "team-tourn"]
[EventCountry "AZE"]
[SourceTitle "playchess.com"]
[Source "ChessBase"]
[SourceQuality "1"]
[WhiteTeam "Mongolia"]
[BlackTeam "Moldova"]
[WhiteTeamCountry "MGL"]
[BlackTeamCountry "MDA"]

1. d4 d5 2. c4 c6 3. Nc3 Nf6 4. Nf3 dxc4 5. e4 b5 6. Be2 Bb7 7. e5 Nd5 8. e6 f6 9. Nh4 Qc8 10. Ne4 Na6 11. O-O g6 12. Re1 Bg7 13. f4 Qc7 14. f5 O-O-O 15. a4 Nf4 16. Bf1 Nd3 17. Bxd3 Rxd4 18. Qg4 Rxd3 19. Be3 Rxe3 20. Rxe3 Qb6 21. Qf4 g5 22. Qf2 gxh4 23. Rh3 Bh6 24. Rd1 Rd8 25. Rxd8+ Kxd8 26. Kf1 Qxf2+ 27. Kxf2 c5 28. Nc3 b4 29. Nd1 Bg5 30. g4 hxg3+ 31. hxg3 h6 32. g4 Be4 33. Ke2 Nc7 34. Nf2 Nd5 35. Rg3 Nf4+ 36. Kd1 Bc6 37. Nh3 Bxa4+ 38. Ke1 Bh4 0-1

[Event "FIDE WY-U16 Olympiad 2022"]
[Site "Nakhchivan"]
[Date "2022.10.08"]
[Round "7.25"]
[White "Davudov, Tunar"]
[Black "Nemsadze, Daviti"]
[Result "0-1"]
[WhiteElo "2043"]
[BlackElo "2012"]
[Annotator "TA"]
[PlyCount "100"]
[EventDate "2022.10.02"]
[EventType "team-tourn"]
[EventCountry "AZE"]
[SourceTitle "playchess.com"]
[Source "ChessBase"]
[SourceQuality "1"]
[WhiteTeam "Azerbaijan"]
[BlackTeam "Georgia"]
[WhiteTeamCountry "AZE"]
[BlackTeamCountry "GEO"]

1. e4 c5 2. Nf3 e6 3. d4 cxd4 4. Nxd4 a6 5. Bd3 Nf6 6. O-O d6 7. c4 Nc6 8. Be3 Ne5 9. Nc3 Nfg4 10. Qe2 Nxe3 11. Qxe3 Nxd3 12. Qxd3 Be7 13. Rad1 O-O 14. b3 Qc7 15. f4 Bd7 16. Nf3 Rfd8 17. Kh1 Rac8 18. a4 Qa5 19. f5 Bf6 20. fxe6 fxe6 21. e5 dxe5 22. Ne4 Bxa4 23. Nxf6+ gxf6 24. Qe4 Bxb3 25. Qg4+ Kh8 26. Qxe6 Rc6 27. Rxd8+ Qxd8 28. Qg4 Bxc4 29. Re1 Bd5 30. Nh4 Rc4 31. Qh5 Qg8 32. Rg1 Rf4 33. Qh6 Qg7 34. Qh5 Bf7 35. Qd1 Rxh4 36. Qd8+ Bg8 37. h3 Rd4 38. Qc8 Qd7 39. Qf8 Qf7 40. Qh6 Qg7 41. Qh5 Qg6 42. Qf3 Bd5 43. Qa3 Kg7 44. Qe7+ Qf7 45. Qc5 Qd7 46. Qa3 Kf7 47. Rf1 Rd3 48. Qb2 Qxh3+ 49. Kg1 Qe3+ 50. Kh2 Rd2 0-1

[Event "FIDE WY-U16 Olympiad 2022"]
[Site "Nakhchivan"]
[Date "2022.10.08"]
[Round "7.25"]
[White "Soojay, Jorah"]
[Black "Teh, Rui Gen"]
[Result "0-1"]
[WhiteElo "1644"]
[BlackElo "1824"]
[Annotator "NA RC COMBH"]
[PlyCount "59"]
[EventDate "2022.10.02"]
[EventType "team-tourn"]
[EventCountry "AZE"]
[SourceTitle "playchess.com"]
[Source "ChessBase"]
[SourceQuality "1"]
[WhiteTeam "South Africa"]
[BlackTeam "Malaysia"]
[WhiteTeamCountry "RSA"]
[BlackTeamCountry "MAS"]

1. e4 c5 2. Nf3 g6 3. d4 cxd4 4. Nxd4 Nc6 5. Nc3 Bg7 6. Be3 Nf6 7. Bc4 O-O 8. Bb3 a5 9. a4 Ng4 10. Qxg4 Nxd4 11. Bxd4 Bxd4 12. Qf3 d6 13. O-O-O Bg7 14. h4 h5 15. Qd3 Bd7 16. f3 Rc8 17. Nd5 Rc5 18. g4 b5 19. gxh5 bxa4 20. Ba2 e6 21. hxg6 exd5 22. gxf7+ Kh8 23. Bxd5 Qf6 24. e5 Qxe5 25. Rhg1 Qxb2+ 26. Kd2 Qb4+ 27. c3 Rxc3 28. Rg5 Rxd3+ 29. Kxd3 Bb5+ 30. Ke3 0-1

[Event "FIDE WY-U16 Olympiad 2022"]
[Site "Nakhchivan"]
[Date "2022.10.08"]
[Round "7.26"]
[White "Shamatava, Nikolozi"]
[Black "Israilov, Agil"]
[Result "0-1"]
[WhiteElo "1957"]
[BlackElo "1883"]
[Annotator "TA"]
[PlyCount "82"]
[EventDate "2022.10.02"]
[EventType "team-tourn"]
[EventCountry "AZE"]
[SourceTitle "playchess.com"]
[Source "ChessBase"]
[SourceQuality "1"]
[WhiteTeam "Georgia"]
[BlackTeam "Azerbaijan"]
[WhiteTeamCountry "GEO"]
[BlackTeamCountry "AZE"]

1. d4 Nf6 2. c4 g6 3. g3 Bg7 4. Bg2 O-O 5. Nc3 d6 6. Nf3 Nbd7 7. O-O e5 8. e4 Re8 9. Re1 exd4 10. Nxd4 Nc5 11. Rb1 Ng4 12. f4 a5 13. h3 Nf6 14. b3 c6 15. Bb2 Bd7 16. g4 Qb6 17. Kh1 Re7 18. e5 dxe5 19. fxe5 Rae8 20. Nf3 Nxg4 21. hxg4 Bxg4 22. Qd4 Bxf3 23. Bxf3 Rxe5 24. Rxe5 Bxe5 25. Re1 Bxd4 26. Rxe8+ Kg7 27. Nd5 cxd5 28. Bxd4+ f6 29. Bxd5 Qd6 30. Be3 g5 31. Kg2 Nd3 32. Kf3 Ne5+ 33. Ke4 f5+ 34. Kd4 Nc6+ 35. Kc3 Qf6+ 36. Kc2 Nb4+ 37. Kb1 f4 38. Rg8+ Kh6 39. Bc5 Qf5+ 40. Ka1 Qe5+ 41. Kb1 Qe1+ 0-1

[Event "FIDE WY-U16 Olympiad 2022"]
[Site "Nakhchivan"]
[Date "2022.10.08"]
[Round "7.26"]
[White "Navaratnam, Ishaan Quan Tze"]
[Black "Wang, Pei-Shan"]
[Result "1-0"]
[WhiteElo "1862"]
[BlackElo "1315"]
[Annotator "NA RC COMBH"]
[PlyCount "69"]
[EventDate "2022.10.02"]
[EventType "team-tourn"]
[EventCountry "AZE"]
[SourceTitle "playchess.com"]
[Source "ChessBase"]
[SourceQuality "1"]
[WhiteTeam "Malaysia"]
[BlackTeam "South Africa"]
[WhiteTeamCountry "MAS"]
[BlackTeamCountry "RSA"]

1. e4 e5 2. Nf3 Nc6 3. Bc4 Bc5 4. O-O Nf6 5. d3 d6 6. c3 h6 7. Bb3 O-O 8. Nbd2 Bg4 9. h3 Bh5 10. Re1 Bg6 11. Nf1 Nh5 12. g4 Nf4 13. Bxf4 exf4 14. d4 Bb6 15. Qd2 Qd7 16. Qxf4 Rae8 17. Ng3 Ne7 18. Nf5 Kh7 19. Kh2 h5 20. Ng3 hxg4 21. hxg4 d5 22. Ne5 Qd8 23. Rh1 Kg8 24. Kg2 c6 25. g5 f6 26. Nxg6 Nxg6 27. Qf5 Ne7 28. Qe6+ Rf7 29. Rh8+ Kxh8 30. Qxf7 Ng8 31. Rh1+ Nh6 32. Rxh6+ gxh6 33. g6 Re7 34. g7+ Kh7 35. g8=Q# 1-0